000 00883nam a2200229Ia 4500
003 OSt
005 20220923220455.0
006 a|||||r|||| 00| 0
007 ta
008 220922b |||||||| |||| 00| 0 hin d
024 _a186,836
037 _cTextual
040 _aARTS
_cARTS
_bhin
041 _2hin
_ahin
082 _aX:7, 152K21
100 _aचैम्बरलिन, एडवर्ड हैस्टिंग्ज
_9164246
245 0 _aएकाधिकारिक प्रतियोगिता का सिद्वान्त, अनु सुरेशनन्द्र गुप्त
246 _aEkādhikārik pratiyogitā kā sidvānta, anu0 sureshanandra gupta
260 _c1962
942 _hX:7, 152K21
_cTEXL
_2CC
999 _c340079
_d340079